| 000 | 00603nam a22001937a 4500 | ||
|---|---|---|---|
| 999 |
_c330485 _d330485 |
||
| 003 | NUST | ||
| 005 | 20170717171509.0 | ||
| 008 | 170717b xxu||||| |||| 00| 0 eng d | ||
| 020 | _a9788183562959 | ||
| 040 | _c0 | ||
| 082 | _a620.5 PRA | ||
| 100 |
_aPrasad,S.K _93342 |
||
| 245 |
_aPotentials Of Nanotechnology _cS.K.Prasad |
||
| 260 |
_aNew Delhi _bDiscovery Publishing House _c2008 |
||
| 300 | _a298p. | ||
| 500 | _aH.B | ||
| 942 |
_2ddc _cBK _kIESE |
||